Online
Catalog

La República Dominicana ante el proceso de integración económica en Latinoamérica. / (Record no. 30205)

MARC details
000 -CABECERA
campo de control de longitud fija 02026nam a2200325 a 4500
001 - NÚMERO DE CONTROL
campo de control 000030713
003 - IDENTIFICADOR DEL NÚMERO DE CONTROL
campo de control DO-SdBNP
005 - FECHA Y HORA DE LA ÚLTIMA TRANSACCIÓN
campo de control 20250707112615.0
006 - CÓDIGOS DE INFORMACIÓN DE LONGITUD FIJA--CARACTERÍSTICAS DEL MATERIAL ADICIONAL
campo de control de longitud fija a||||gr|||| 00| 0
007 - CAMPO FIJO DE DESCRIPCIÓN FÍSICA--INFORMACIÓN GENERAL
campo de control de longitud fija ta
008 - DATOS DE LONGITUD FIJA--INFORMACIÓN GENERAL
campo de control de longitud fija 110526e1966 dr ad 000 e spa d
040 ## - FUENTE DE LA CATALOGACIÓN
Centro catalogador/agencia de origen DO-SdBNP
Lengua de catalogación spa
Centro/agencia transcriptor BNPHU
Normas de descripción rda
082 #4 - NÚMERO DE LA CLASIFICACIÓN DECIMAL DEWEY
Número de documento/Ítem V422R
Número de edición 22
100 1# - ENTRADA PRINCIPAL--NOMBRE DE PERSONA
Nombre de persona Vega, Bernardo,
Fechas asociadas al nombre 1938 -
9 (RLIN) 3222
Término indicativo de función/relación autor
245 13 - MENCIÓN DE TÍTULO
Título La República Dominicana ante el proceso de integración económica en Latinoamérica. /
Mención de responsabilidad, etc. Bernardo Vega; prólogo, Felipe Herrera, Milton Messina.
264 #1 - PRODUCCIÓN, PUBLICACIÓN, DISTRIBUCIÓN, FABRICACIÓN Y COPYRIGHT
Producción, publicación, distribución, fabricación y copyright Santo Domingo :
Nombre del de productor, editor, distribuidor, fabricante Banco Central de la República Dominicana,
Fecha de producción, publicación, distribución, fabricación o copyright 1966
300 ## - DESCRIPCIÓN FÍSICA
Extensión 150 páginas ;
Dimensiones 22 cm.
336 ## - TIPO DE CONTENIDO
Fuente rdacontent
Término de tipo de contenido texto
Código de tipo de contenido txt
337 ## - TIPO DE MEDIO
Fuente rdamedia
Nombre/término del tipo de medio sin mediación
Código del tipo de medio n
338 ## - TIPO DE SOPORTE
Fuente rdacarrier
Nombre/término del tipo de soporte volumen
Código del tipo de soporte nc
500 ## - NOTA GENERAL
Nota general Incluye bibliografía y notas al pie de páginas.
504 ## - NOTA DE BIBLIOGRAFÍA, ETC.
Nota de bibliografía, etc. Bibliografía: páginas 140-150
505 ## - NOTA DE CONTENIDO CON FORMATO
Nota de contenido con formato Prólogo.-- Introducción.
Título Capítulo I - Teoría Económica de la Integración.--
-- Capítulo II - Descripción de la Asociación Latiinoamericana de Libre Comercio y el Mercado Común Cantroamericano.--
-- Capítulo III - La República Dominicana y el Proceso de integración latinoamericano.--
-- Capítulo IV - Ventajas y desventajas de nuestra integración a Centroamérica o ALALC.--
-- Capítulo V - Relaciones económicas con la República de Haití.--
-- Capítulo VI - Relaciones económicas con Puerto Rico y las Antillas Menores.--
-- Capítulo VII - Medidas que deben de adoptarse de inmediato realcionadas con la integración pero independientes de una decisión firme en ese sentido por parte del país.--
-- Capítulo VIII - Proyecto de una planta integrada de alúmina en la República Dominicana.--
-- Bibliografía.
590 ## - NOTA LOCAL (RLIN)
Nota local Inventariado 2024 / MF
650 #4 - PUNTO DE ACCESO ADICIONAL DE MATERIA--TÉRMINO DE MATERIA
Término de materia o nombre geográfico como elemento de entrada Relaciones económicas internacionales.
9 (RLIN) 1067
Subdivisión geográfica República Dominicana
650 #0 - PUNTO DE ACCESO ADICIONAL DE MATERIA--TÉRMINO DE MATERIA
Término de materia o nombre geográfico como elemento de entrada Economia
9 (RLIN) 85383
700 1# - PUNTO DE ACCESO ADICIONAL--NOMBRE DE PERSONA
Nombre de persona Herrera, Felipe,
Fechas asociadas al nombre 1922-1996
Forma completa/desarrollada del nombre (Felipe Herrera Lane)
9 (RLIN) 32451
Término indicativo de función/relación prólogo
700 1# - PUNTO DE ACCESO ADICIONAL--NOMBRE DE PERSONA
Nombre de persona Messina, Milton
9 (RLIN) 9506
Término indicativo de función/relación prólogo
942 ## - ELEMENTOS DE PUNTO DE ACCESO ADICIONAL (KOHA)
Fuente del sistema de clasificación o colocación Dewey Decimal Classification
Tipo de ítem Koha Libro
Holdings
Estado de retiro Estado de pérdida Fuente del sistema de clasificación o colocación Restricciones de uso No para préstamo Código de colección Localización permanente Ubicación/localización actual Ubicación en estantería Fecha de adquisición Total de préstamos Signatura topográfica completa Código de barras Fecha visto por última vez Precio válido a partir de Tipo de ítem Koha Número de copia Fuente de adquisición
    Dewey Decimal Classification Excluido de préstamo   Patrimonio Dominicano Biblioteca Nacional Pedro Henríquez Ureña Biblioteca Nacional Pedro Henríquez Ureña En catalogación 26.05.2011   V422R 30713-10 25.06.2020 25.06.2020 Libro    
    Dewey Decimal Classification Excluido de préstamo   Patrimonio Dominicano Biblioteca Nacional Pedro Henríquez Ureña Biblioteca Nacional Pedro Henríquez Ureña En catalogación 25.07.2013   V422R 30713-20 25.06.2020 25.06.2020 Libro e. 2  
    Dewey Decimal Classification Préstamo en sala   Dominicana de Servicio Biblioteca Nacional Pedro Henríquez Ureña Biblioteca Nacional Pedro Henríquez Ureña En catalogación 19.06.2023   V422R 2024-3616 19.06.2024 19.06.2024 Libro e.3 Pertenció a la biblioteca de Emilio Cordero Michel / Presidencia de la República Dominicana

Powered by Koha